| 000 | 00809nam a2200265Ia 4500 | ||
|---|---|---|---|
| 003 | OSt | ||
| 005 | 20221007104133.0 | ||
| 006 | a|||||r|||| 00| 0 | ||
| 007 | ta | ||
| 008 | 221006b |||||||| |||| 00| 0 eng d | ||
| 020 | _a818719748X | ||
| 024 | _a15,013 | ||
| 037 | _cTextual | ||
| 040 |
_aLCO _cLCO _beng |
||
| 041 |
_2eng _aeng |
||
| 082 | _aY:434OaZy7, P4 | ||
| 100 |
_aSarkar S.K. _939101 |
||
| 245 | 0 |
_aLaw Relating to Lok Adalats and Legal Aid _b Commentary on the Legal Services Authorities Act, 1987 with Central and State Rules |
|
| 250 | _a1st | ||
| 260 |
_aAllahabad _bOrient Publishing Company India _c2004 |
||
| 300 | _a960 | ||
| 650 |
_aLOK ADALATS AND LEGAL AID _9705722 |
||
| 942 |
_hY:434OaZy7, P4 _cTEXL |
||
| 999 |
_c1184576 _d1184576 |
||